Bài tập luyện dịch tiếng Hoa

Enregistré dans:
Détails bibliographiques
Format: Livre
Publié: 1995
Tags: Ajouter un tag
Pas de tags, Soyez le premier à ajouter un tag!
Thư viện lưu trữ: Mạng thư viện Đại học Đà Nẵng
LEADER 00451nam a22001811a 4500
001 000036901
003 13196
005 20160412014942.0
008 160412s1995 000
082 |a 4H(07)408 
245 |a Bài tập luyện dịch tiếng Hoa  |c Đỗ Chiêm Đức 
260 |c 1995 
OWN |a LNN 
999 |a From the UDN01 
TYP |a Monograph 
980 |a Mạng thư viện Đại học Đà Nẵng